Statistiques concernant Pays d'Europe

Cliquez ici pour prendre le quiz!

Statistiques générales

  • Ce quiz a été pris 242 316 fois
    (177 728 depuis la dernière actualisation)
  • Le résultat moyen est 38 sur 45

Réponses sur la Carte

Les réponses sont colorées sur une échelle allant du rouge au vert en fonction du pourcentage des utilisateurs qui les ont devinées à leur premier essai. Vous pouvez retrouver ces pourcentages ci-dessous.
Chargement ...
 

Statistiques - réponses

Pays% Correct
France
100%
Italie
99%
Espagne
99%
Royaume-
Uni
98%
Portugal
98%
Allemagne
98%
Belgique
97%
Suisse
96%
Russie
95%
Suède
95%
Irlande
95%
Grèce
94%
Pays-Bas
93%
Norvège
93%
Finlande
93%
Luxembourg
92%
Pologne
91%
Islande
91%
Danemark
90%
Autriche
90%
Estonie
88%
Roumanie
87%
Lituanie
87%
Lettonie
86%
Croatie
84%
Ukraine
83%
Hongrie
82%
République
tchèque
80%
Biélorussie
80%
Slovaquie
79%
Monaco
79%
Albanie
78%
Andorre
78%
Slovénie
77%
Bulgarie
77%
Vatican
76%
Malte
75%
Serbie
73%
Macédoine
du Nord
70%
Bosnie-
Herzégovine
70%
Monténégro
66%
Liechtenstein
65%
Moldavie
64%
Kosovo
63%
Saint-Marin
59%

Distribution des résultats

Percentile par nombre de réponses

% des personnes avec chaque résultat

Votre développement - résultats

Vous n’avez pas pris ce quiz depuis la dernière actualisation